Library Banner

Multi-level issues in social systems (Record no. 46673)

MARC details
000 -LEADER
fixed length control field 00576nam a2200205Ia 4500
001 - CONTROL NUMBER
control field 48881
008 - FIXED-LENGTH DATA ELEMENTS--GENERAL INFORMATION
fixed length control field 140430s9999 xx 000 0 und d
020 ## - INTERNATIONAL STANDARD BOOK NUMBER
International Standard Book Number 076231334X
040 ## - CATALOGING SOURCE
Transcribing agency PK-LaUMT
082 ## - DEWEY DECIMAL CLASSIFICATION NUMBER
Classification number R 302.35
Item number MUL-
100 ## - MAIN ENTRY--PERSONAL NAME
Personal name Yammarino, Francis J.
245 ## - TITLE STATEMENT
Title Multi-level issues in social systems
Statement of responsibility, etc Yammarino, Francis J.<>Dansereau, Fred
260 ## - PUBLICATION, DISTRIBUTION, ETC. (IMPRINT)
Place of publication, distribution, etc Oxford,USA:
Name of publisher, distributor, etc Elsevier,
Date of publication, distribution, etc 2006
300 ## - PHYSICAL DESCRIPTION
Extent 483 p.
500 ## - GENERAL NOTE
General note Research in multi-level issues : volume 5
546 ## - LANGUAGE NOTE
Language note EN
650 ## - SUBJECT ADDED ENTRY--TOPICAL TERM
Topical term or geographic name as entry element Organizational behavior
700 ## - ADDED ENTRY--PERSONAL NAME
Personal name Dansereau, Fred
942 ## - ADDED ENTRY ELEMENTS (KOHA)
Koha item type Books
Holdings
Withdrawn status Lost status Damaged status Not for loan Home library Current library Date acquired Total Checkouts Full call number Barcode Date last seen Price effective from Koha item type
        UMT Main Campus UMT Main Campus 2014-04-30   R 302.35 MUL- 58278 2014-05-06 2014-05-06 Books